| 000 | 00672nam a2200217 a 4500 | ||
|---|---|---|---|
| 999 |
_c3080 _d3080 |
||
| 001 | 3080 | ||
| 003 | BD-JhCC | ||
| 005 | 20171113193108.0 | ||
| 008 | 171109s1981 bg ||||| |||| 000 0 ben d | ||
| 035 | _a(BD-JhCC) | ||
| 040 |
_aBD-JhCC _dBD-JhCC |
||
| 041 | _aben | ||
| 082 |
_a891.442 _bFAR 1981 |
||
| 100 | _aফারাবী, খান মোহাম্মদ | ||
| 245 |
_aআকাশের ওপারে আকাশ / _cখান মোহাম্মদ ফারাবী. |
||
| 260 |
_aঢাকা : _bবাংলা একাডেমী, _c1981. |
||
| 300 |
_a108 p. : _c22 cm. |
||
| 650 | _aAnti Dramatic drama | ||
| 942 |
_2ddc _cBK |
||